Cristianismo primitivo y mundo moderno
Saved in:
| Main Author: | |
|---|---|
| Format: | Book |
| Language: | Spanish |
| Published: |
Barcelona
Península
1968
|
| Edition: | 1a. ed |
| Series: | Historia, Ciencia, Sociedad, 26
|
| Subjects: | |
| Tags: |
Add Tag
No Tags, Be the first to tag this record!
|
MARC
| LEADER | 00000nam a2200000 a 4500 | ||
|---|---|---|---|
| 001 | UCI2227 | ||
| 003 | CL-VaPUC | ||
| 008 | 070810e19680000SP |||||||||||||||||spa|d | ||
| 082 | 0 | 4 | |a 239 |b MUR |2 21 |
| 100 | |a Mury, Gilbert |e autor |9 523168 | ||
| 245 | 1 | 0 | |a Cristianismo primitivo y mundo moderno |
| 250 | |a 1a. ed | ||
| 300 | |a 157 p | ||
| 942 | |c BK | ||
| 945 | |d 20070810 00:00:00 |a rbrito | ||
| 260 | |a Barcelona |b Península |c 1968 | ||
| 650 | 0 | |a Apologética |9 269349 | |
| 650 | 0 | |a Judaísmo |9 269348 | |
| 650 | 0 | |a Cristianismo |9 257361 | |
| 650 | 0 | |a Evangelios |9 314864 | |
| 650 | 7 | |a MARXISMO |2 CL-VaPUC |9 523169 | |
| 583 | |a last modification |c 20070810 00:00:00 |k Rodrigo Vera | ||
| 490 | 0 | |a Historia, Ciencia, Sociedad, 26 | |
| 999 | |c 326863 |d 326861 | ||
| 952 | |0 0 |1 0 |4 0 |6 239_000000000000000_MUR_1968 |7 0 |8 A |9 409039 |a BIBTEO |b BIBTEO |d 2019-11-22 |i 3146707 |o 239 MUR 1968 |p 3146707 |r 2025-01-17 |w 2019-11-22 |y BK |k ICR | ||